000
00270nam a22001097a 4500
082
_a
510 DAV'G
100
_a
DAVIES, H.G,HICKS, G.A
_9
78589
245
_a
GENERAL MATHEMATICS FOR TECHNICAL COLLEGE
260
_a
NEWYORK
_b
MCGRAW HILL
_c
1971
300
_a
308P
942
_c
BK
999
_c
583697
_d
583697